Normal view
MARC view
- Dr. Naseem Baig, Col
Entry Personal Name
001 - CONTROL NUMBER
- control field: 48345
003 - CONTROL NUMBER IDENTIFIER
- control field: NUST
005 - DATE AND TIME OF LATEST TRANSACTION
- control field: 20210314134032.0
008 - FIXED-LENGTH DATA ELEMENTS
- fixed length control field: 210314|| aca||aabn | a|a d
040 ## - CATALOGING SOURCE
- Original cataloging agency: NUST
- Transcribing agency: NUST
100 ## - HEADING--PERSONAL NAME
- Personal name: Dr. Naseem Baig, Col
670 ## - SOURCE DATA FOUND
- Source citation: Work cat.: (NUST): Muhammad Shehzad 48344, Analysis of deflected waffle slab (a case study of station officer mess) and overview of retrofitting techniques for strengthening of slab/ , c2013
